| 000 | 00725nam a22002537a 4500 | ||
|---|---|---|---|
| 008 | 130908b xxu||||| |||| 00| 0 eng d | ||
| 020 | _a0-06-046688-X | ||
| 024 | _cAvailable | ||
| 037 | _cAvailable | ||
| 040 |
_aMBSTU LIBRARY _dMBSTU LIBRARY |
||
| 082 |
_222 _a301 MAS |
||
| 100 | _aMacionis, John J. | ||
| 245 | _aSociology, student media version. | ||
| 250 | _a7th | ||
| 260 |
_aNew Jersey. _bPrentice Hall _c1999 |
||
| 300 |
_a24 cm. _b700 page _f1 _g24 cm. |
||
| 600 | _2Sociology. | ||
| 650 | _2Sociology. | ||
| 700 | _aMacionis, John J. | ||
| 270 |
_aNew Jersey. _bNew Jersey. _dUSA |
||
| 365 |
_b7434.00 _d7434.00 |
||
| 942 |
_2ddc _cBK |
||
| 999 |
_c652 _d652 |
||